000 01890cam a2200277 a 4500
003 EG-GiCUC
005 20250223031118.0
008 141208s2013 ua f m 000 0 ara d
040 _aEG-GiCUC
_bara
_cEG-GiCUC
041 0 _aara
049 _aاهداء
097 _aدكتوراه
099 _aCai01.34.Ph.D.2013.ئا.ج
100 0 _aئالان بهاء الدين عبدالله
245 1 2 _aالجوانب القانونية للوصاية على المصارف العراقية الخاصة :
_bدراسة مقارنة /
_cئالان بهاء الدين عبدالله ؛ إشراف ناصر خليل جلال
246 1 5 _aLegal aspects of conservatorship on Iraqi private banks :
_bComparative study
260 _aالعراق :
_bئالان بهاء الدين عبدالله :
_c2013
300 _a291 ورقة ؛
_c30سم
502 _aاطروحة (دكتوراه) - جامعة صلاح الدين - اربيل - وزارة التعليم العالي و البحث العلمي - قسم القانون الخاص
520 _aتعد الوصاية في مجال المصارف من الموضوعات التي ظهرت نتيجة عجز نظامي الإفلاس و التصفية الجبرية في بعض الحالات عن حماية حقوق دائني المصارف و أثرهما السلبي على الإقتصاد الوطني : كونهما يؤديان الى إنهاء الوجود القانوني للمصارف في الوقت الذي من المفترض الإبقاء عليه نظرآ لتشعب العلاقات المرتبطة بالمصارف و دور هذه الأخيرة في عملية التنمية الإقتصادية داخل الدولة
700 0 _aناصر خليل جلال :
_eمشرف
856 _uhttp://172.23.153.220/th.pdf
905 _aEnas
_eCataloger
905 _aNazla
_eRevisor
942 _2ddc
_cTH
999 _c48662
_d48662